20 Readers digest books (Record no. 26251)

000 -LEADER
fixed length control field 00460nam a22001817a 4500
001 - CONTROL NUMBER
control field 26251
003 - CONTROL NUMBER IDENTIFIER
control field BD-DhUET
008 - FIXED-LENGTH DATA ELEMENTS--GENERAL INFORMATION
fixed length control field 150518b xxu||||| |||| 00| 0 eng d
040 ## - CATALOGING SOURCE
Original cataloging agency DLC
Transcribing agency DLC
Modifying agency BD-DhUET
082 ## - DEWEY DECIMAL CLASSIFICATION NUMBER
Classification number 813
Item number REA/1953
110 ## - MAIN ENTRY--CORPORATE NAME
Corporate name or jurisdiction name as entry element Readers Digest Association
245 ## - TITLE STATEMENT
Title 20 Readers digest books
250 ## - EDITION STATEMENT
Edition statement 1st ed.
260 ## - PUBLICATION, DISTRIBUTION, ETC. (IMPRINT)
Place of publication, distribution, etc. New York
Name of publisher, distributor, etc. The Readers Digest Association
Date of publication, distribution, etc. 1953
300 ## - PHYSICAL DESCRIPTION
Extent 574 p.
650 #0 - SUBJECT ADDED ENTRY--TOPICAL TERM
Topical term or geographic name as entry element American fiction
942 ## - ADDED ENTRY ELEMENTS (KOHA)
Koha item type Corporate Publication
Holdings
Shelving location Source of classification or shelving scheme Withdrawn status Sublocation or collection (holding branch) Koha full call number Koha normalized classification for sorting Location (home branch) Copy number Koha date last seen Date acquired Not for loan Piece designation (barcode) Koha item type Price effective from Lost status Damaged status
Circulation section  Central Library, BUET813/REA/1953813_000000000000000_REA_1953Central Library, BUET12015-05-182015-05-18 62749Corporate Publication2015-05-18